| 000 | 00000nam 2200000zi 4500 |
| 001 | 9.907720 |
| 003 | CaOODSP |
| 005 | 20221107181451 |
| 006 | m o d f |
| 007 | cr mn||||||||| |
| 008 | 220204t19801980onca ob f001 0 fre d |
| 020 | |z06600000 |q(incorrect) |
| 040 | |aCaOODSP|bfre|erda|cCaOODSP |
| 086 | 1 |aFs94-191F-PDF |
| 086 | 1 |aFs94-191F |
| 100 | 1 |aRicker, W. E. |q(William Edwin), |d1908-2001 |eauteur. |
| 245 | 10|aCalcul et interprétation des statistiques biologiques des populations de poissons / |cW.E. Ricker. |
| 264 | 1|aOttawa : |bMinistère des pêches et des océans, |c1980. |
| 264 | 4|c©1980 |
| 300 | |a1 ressource en ligne (409 pages) : |billustrations. |
| 336 | |atexte|btxt|2rdacontent/fre |
| 337 | |ainformatique|bc|2rdamedia/fre |
| 338 | |aressource en ligne|bcr|2rdacarrier/fre |
| 490 | 1 |aBulletin ; |v191F |
| 500 | |aPublié aussi en anglais sous le titre : Computation and interpretation of biological statistics of fish populations. |
| 500 | |aÉdition numérisée de l'imprimé. |
| 504 | |aComprend des références bibliographiques (pages 379-392) et un index. |
| 650 | 6|aPoissons|xPopulations|xMeĢthodes statistiques. |
| 710 | 2 |aOffice des recherches sur les pêcheries du Canada, |eorganisme de publication. |
| 775 | 08|tComputation and interpretation of biological statistics of fish populations / |w(CaOODSP)9.581563 |
| 776 | 0#|tCalcul et interprétation des statistiques biologiques des population de poissons / |w(CaOODSP)9.625978 |
| 830 | #0|aBulletin (Office des recherches sur les pêcheries du Canada)|v191F.|w(CaOODSP)9.501186 |
| 856 | 40|qPDF|s20.22 Mo|uhttps://publications.gc.ca/collections/collection_2022/mpo-dfo/Fs94-191-fra.pdf |